[Event "SVK-ch U08 Girls"]
[Site "Lubovnianske Kupele"]
[Date "2012.03.19"]
[Round "3"]
[White "Barnasova, Simona"]
[Black "Sevcikova, Lucia"]
[Result "0-1"]
[WhiteElo "1000"]
[BlackElo "1000"]
[PlyCount "56"]
[EventDate "2012.03.17"]
[EventType "tourn"]
[EventRounds "9"]
[EventCountry "SVK"]
[SourceTitle "CBM 147 Extra"]
[Source "ChessBase"]
[SourceDate "2012.04.24"]
[SourceVersion "1"]
[SourceVersionDate "2012.04.24"]
[SourceQuality "1"]

1. e4 c6 2. Bc4 d5 3. exd5 cxd5 4. Bb3 Nf6 5. c4 dxc4 6. Bxc4 Bg4 7. f3 Bh5 8. g4 Bg6 9. f4 Be4 10. g5 Nfd7 11. Qh5 g6 12. Qh4 Bxh1 13. Nc3 Nc6 14. f5 gxf5 15. Qh5 e6 16. Qh4 Bc5 17. Nge2 Nde5 18. Nf4 Nxc4 19. b3 N4e5 20. d4 Ng6 21. Qh6 Nxf4 22. dxc5 Ne7 23. Qh4 Nfg6 24. Qh6 Qc7 25. Nd5 Bxd5 26. Qg7 0-0-0 27. b4 Qxh2 28. Bd2 Be4 0-1